Normal view
MARC view
Entry Personal Name
001 - CONTROL NUMBER
- control field: 42350
003 - CONTROL NUMBER IDENTIFIER
- control field: ARRUPE
005 - DATE AND TIME OF LATEST TRANSACTION
- control field: 20180919141830.0
008 - FIXED-LENGTH DATA ELEMENTS
- fixed length control field: 180919|| aca||aabn | a|a d
040 ## - CATALOGING SOURCE
- Original cataloging agency: ARRUPE
- Transcribing agency: ARRUPE
100 ## - HEADING--PERSONAL NAME
- Personal name: Tangonyire, Raymond C.
670 ## - SOURCE DATA FOUND
- Source citation: Work cat.: (ARRUPE): Tangonyire, Raymond C., Economic behaviour as if others too had interests, 2012